| 000 | 01554nam0a22002651 4500 | ||
|---|---|---|---|
| 001 | rc\3392468 | ||
| 005 | 20260408082610.0 | ||
| 021 |
_aRU _bРг6878-74 |
||
| 035 | _a(NLR Aleph) 007458719 | ||
| 090 |
_a7294005 _c7294005 |
||
| 100 | _a20130115d1974 |||y0rusy50 ca | ||
| 101 | 0 | _arus | |
| 102 | _aRU | ||
| 105 | _aa z ||||| | ||
| 200 | 1 |
_aАппаратура акустического каротажа комплексная СПАК-2М для изучения геологического разреза нефтяных и газовых скважин по упругим характеристикам горных пород _fИзготовитель: КОЭЗГП |
|
| 210 |
_aЛенинград _cНедра. Ленингр. отд-ние _d1974 |
||
| 215 |
_a[4] с. _cил. _d28 |
||
| 225 | 1 |
_aМинистерство геологии СССР. Особое конструкторское бюро. Каталог геофизической аппаратуры _vГА.02.05.06 |
|
| 532 | 1 | 1 | _aАппаратура акустического каротажа комплексная СПАК-два-М для изучения геологического разреза нефтяных и газовых скважин по упругим характеристикам горных пород |
| 712 | 0 | 2 |
_aЗавод геофизического приборостроения _cКиев _9794014 _3RU\NLR\AUTH\8810149727 |
| 801 | 0 |
_aRU _bNLR _gpsbo |
|
| 801 | 1 |
_aRU _bELAR _2rusmarc |
|
| 852 |
_aNLR _bСВТЛ |
||
| 942 | _cBOOK | ||
| 980 | _aNB | ||